000 00540nam a22001817a 4500
999 _c189645
_d189645
005 20220708145639.0
010 _aENG-133447
020 _a9788192557572
_c775.00
035 _aEN-116979
037 _bDBAD/PUB
082 _a650.1082
100 _aBeri, Umesh
245 _aCareer Coach/
_cUmesh Beri
260 _aNew Delhi
_bAryan Prakashan
_c2018
270 _bNew Delhi
_e110045
_a3rd Floor, H-1/48, Bengali Colony, Mahaveer Enclave
300 _a256p.
_c21cm(pbk)
_bBibliography
942 _2ddc
_cEN
_h650.1082
_mBER